| 000 | 00000nam##2200000za#4500 |
| 001 | 9.603806 |
| 003 | CaOODSP |
| 005 | 20241210082327 |
| 007 | cr ||||||||||| |
| 008 | 150406|2004||||xxc|||||o f|0| 0 fre|d |
| 022 | |a1701-9419 |
| 040 | |aCaOODSP|bfre |
| 043 | |an-cn--- |
| 086 | 1 |aFB3-2/104-12F-PDF |
| 110 | 2 |aBanque du Canada. |
| 245 | 10|aDurées d'utilisation des facteurs et fonction de production : |h[ressource électronique]|bune estimation par la méthode des moments généralisés en système / |c[par] Eric Heyer, Florian Pelgrin et Arnaud Sylvain. |
| 260 | |aOttawa - Ontario : |bBanque du Canada |cAvril 2004. |
| 300 | |a47p.|btableaux |
| 490 | 1 |aBanque du Canada - document de travail|x1701-9419|v2004-12 |
| 500 | |aL'ISSN (1192-5434) de l'édition imprimée a été incorrectement copié dans la version électronique. |
| 504 | |aBibliographie. |
| 546 | |aAbstract in English. |
| 590 | |a12-32-Supp|b2012-07-11 |
| 691 | 07|aAnalyse économique|2gcpds |
| 720 | 1 |aHeyer, Eric |
| 720 | 1 |aKichian, Maral |
| 720 | 1 |aSylvain, Arnaud |
| 776 | 0#|tDurées d'utilisation des facteurs et fonction de production : |w(CaOODSP)9.626578 |
| 830 | #0|aDocument de travail (Banque du Canada)|x1701-9419|v2004-12|w(CaOODSP)9.501087 |
| 856 | 40|ahttp://publications.gc.ca|qPDF|s584 Ko|uhttps://publications.gc.ca/collections/collection_2012/banque-bank-canada/FB3-2-104-12-fra.pdf|y2004-12 |